[Event "4NCL Online Division 5"]
[Site "online"]
[Date "2020.06.09"]
[Round "10.43"]
[White "Moran, Hugh"]
[Black "Litherland, Jack"]
[Result "1-0"]
[WhiteElo "1711"]
[BlackElo "1300"]
[PlyCount "83"]
[EventDate "2020.06.09"]
[WhiteTeam "Gonzaga D"]
[BlackTeam "Nottingham University 2"]

1. e4 e5 2. Bc4 Nc6 3. Nf3 Bc5 4. c3 d6 5. d4 exd4 6. cxd4 Bb4+ 7. Bd2 Bg4 8.
Bxb4 Nxb4 9. Qa4+ Nc6 10. d5 Bd7 11. dxc6 Bxc6 12. Bb5 Ne7 13. Bxc6+ Nxc6 14.
Nd4 Qg5 15. O-O O-O 16. Nxc6 bxc6 17. Qxc6 Rac8 18. Nc3 f5 19. exf5 Qxf5 20.
Qd5+ Rf7 21. Qxf5 Rxf5 22. Rfe1 Rb8 23. b3 d5 24. Re7 d4 25. Ne4 Rf7 26. Rxf7
Kxf7 27. Rd1 Rd8 28. Rd3 Ke6 29. f3 Kd5 30. Nc3+ Kc5 31. Ne2 a5 32. Nf4 Re8 33.
Kf2 g5 34. Ne2 Rd8 35. Ng3 Kb4 36. Nf5 c5 37. Ng3 Ka3 38. Rd2 Rb8 39. Ne4 Rb5
40. Nd6 Rb6 41. Nc4+ Kb4 42. Nxb6 1-0

[Event "4NCL Online Division 5"]
[Site "online"]
[Date "2020.06.09"]
[Round "10.44"]
[White "Soe, Zwe Wai Yan"]
[Black "Murray, Sam"]
[Result "0-1"]
[WhiteElo "1195"]
[BlackElo "1613"]
[PlyCount "120"]
[EventDate "2020.06.09"]
[WhiteTeam "Nottingham University 2"]
[BlackTeam "Gonzaga D"]

1. e4 c6 2. Nc3 d5 3. Bd3 d4 4. Nb1 e5 5. Nf3 Bg4 6. O-O Ne7 7. h3 Bxf3 8. Qxf3
g6 9. Bc4 f5 10. d3 Nd7 11. exf5 gxf5 12. Qh5+ Ng6 13. Qxf5 Qf6 14. Qxf6 Nxf6
15. Bg5 Nd5 16. Nd2 Kd7 17. g3 h6 18. Bxd5 cxd5 19. Bf6 Rg8 20. c3 dxc3 21.
bxc3 Ke6 22. Bxe5 Nxe5 23. Rfe1 Kd6 24. Rab1 b6 25. c4 Nxd3 26. Re3 Nf4 27.
cxd5 Nxh3+ 28. Kg2 Ng5 29. Rb5 Kc7 30. Rc3+ Kb7 31. Rc6 Bc5 32. Rxh6 Rae8 33.
Nc4 Ne4 34. Rh7+ Re7 35. Na5+ Ka6 36. Rxe7 Bxe7 37. Rb3 Kxa5 38. Re3 Nxg3 39.
fxg3 Bd6 40. Rd3 Kb5 41. a3 Rxg3+ 42. Rxg3 Bxg3 43. Kxg3 Kc5 44. Kf4 Kxd5 45.
Ke3 Kc4 46. Ke4 b5 47. Ke3 Kc3 48. Ke2 Kc2 49. Ke3 a5 50. Kd4 b4 51. a4 b3 52.
Kc4 b2 53. Kb5 b1=Q+ 54. Kxa5 Kc3 55. Ka6 Kc4 56. Ka7 Kc5 57. Ka8 Kc6 58. a5
Qh7 59. a6 Kb6 60. Kb8 Qg8# 0-1

[Event "4NCL Online Division 5"]
[Site "online"]
[Date "2020.06.09"]
[Round "10.51"]
[White "Hilton, Tim"]
[Black "Whatmore, Steve"]
[Result "1/2-1/2"]
[WhiteElo "1885"]
[BlackElo "1817"]
[PlyCount "161"]
[EventDate "2020.06.09"]
[WhiteTeam "Bolton & Worsley"]
[BlackTeam "Rugeley"]

1. d4 Nf6 2. Nf3 d5 3. g3 c5 4. Bg2 Nc6 5. O-O cxd4 6. Nxd4 e6 7. c4 Be7 8. Nc3
O-O 9. cxd5 Nxd5 10. Nxd5 exd5 11. Be3 Be6 12. Rc1 Qd7 13. Nxe6 fxe6 14. Bc5
Bxc5 15. Rxc5 Qe7 16. Qc1 Rad8 17. e3 Ne5 18. Rc7 Rd7 19. Rxd7 Qxd7 20. f4 Rc8
21. Qd2 Nc4 22. Qd4 Nb6 23. Bh3 Rc4 24. Qd3 g6 25. b3 Rc6 26. Qd4 Qg7 27. Qxg7+
Kxg7 28. Rf2 Kf6 29. g4 Rc3 30. g5+ Kf7 31. Re2 d4 32. Kf2 Nd5 33. Bg2 dxe3+
34. Kg3 Rd3 35. Bf1 Nc3 36. Kf3 Nxe2 37. Kxe2 Rd2+ 38. Kxe3 Rxa2 39. h3 Rb2 40.
Bc4 Rh2 41. Bf1 a6 42. Kd4 Rf2 43. Bc4 Rxf4+ 44. Ke5 Rf3 45. Bxe6+ Ke7 46. Bd5
Rxh3 47. Bxb7 Rxb3 48. Bxa6 Rb6 49. Bc4 Kf8 50. Bd3 Kg7 51. Kf4 Rb4+ 52. Kf3
Kf8 53. Be4 Kg7 54. Bd3 h6 55. gxh6+ Kxh6 56. Kg2 g5 57. Bf5 Kg7 58. Kg3 Kf6
59. Bc8 Ke5 60. Bd7 Rf4 61. Bc8 Kd4 62. Bd7 Ke3 63. Bc8 Rb4 64. Bd7 Rd4 65. Bc8
Ke4 66. Kg4 Rd8 67. Bb7+ Ke5 68. Kxg5 Rg8+ 69. Kh6 Kf6 70. Kh5 Kf5 71. Kh6 Rg3
72. Bc8+ Kf6 73. Kh5 Rg8 74. Ba6 Kf5 75. Bd3+ Kf4 76. Kh6 Rg3 77. Bc2 Ke5 78.
Kh5 Kf6 79. Kh4 Rg2 80. Be4 Ke5 81. Bxg2 1/2-1/2

[Event "4NCL Online Division 5"]
[Site "online"]
[Date "2020.06.09"]
[Round "10.52"]
[White "Carr, Matthew"]
[Black "Doherty, Paul"]
[Result "0-1"]
[WhiteElo "1692"]
[BlackElo "1738"]
[PlyCount "56"]
[EventDate "2020.06.09"]
[WhiteTeam "Rugeley"]
[BlackTeam "Bolton & Worsley"]

1. d4 e6 2. e4 d5 3. Nd2 Be7 4. e5 c5 5. c3 Nc6 6. Ndf3 Bd7 7. Bd3 Rc8 8. Ne2
cxd4 9. cxd4 Nb4 10. O-O Nxd3 11. Qxd3 a6 12. Nc3 f6 13. Re1 fxe5 14. Nxe5 Nf6
15. Qh3 Qb6 16. Nxd7 Kxd7 17. Bg5 Qc6 18. Rac1 h6 19. Bf4 g5 20. Be5 Rhf8 21.
Ne2 Qb6 22. Rxc8 Rxc8 23. Qxh6 Ng4 24. Qg7 Qxb2 25. h3 Qxe2 26. hxg4 Qxe1+ 27.
Kh2 Qxf2 28. Bg3 Qf6 0-1

[Event "4NCL Online Division 5"]
[Site "online"]
[Date "2020.06.09"]
[Round "10.53"]
[White "Lamb, Ian"]
[Black "Sullivan, Luke"]
[Result "1/2-1/2"]
[WhiteElo "1568"]
[BlackElo "1585"]
[PlyCount "48"]
[EventDate "2020.06.09"]
[WhiteTeam "Bolton & Worsley"]
[BlackTeam "Rugeley"]

1. d4 Nf6 2. c4 g6 3. Nc3 Bg7 4. e4 d6 5. Nf3 a6 6. h3 O-O 7. Be3 Nbd7 8. g4 c5
9. d5 Re8 10. Nd2 Ne5 11. f4 Ned7 12. Be2 Nf8 13. g5 N6d7 14. h4 e6 15. Qc2
exd5 16. Nxd5 Nb6 17. O-O-O Nxd5 18. cxd5 b5 19. h5 Bb7 20. Nf3 Rc8 21. hxg6
fxg6 22. Nh4 Qa5 23. Kb1 c4 24. f5 Be5 1/2-1/2

[Event "4NCL Online Division 5"]
[Site "online"]
[Date "2020.06.09"]
[Round "10.54"]
[White "Wood, Ryan"]
[Black "Busznyak, Arpad"]
[Result "0-1"]
[WhiteElo "1322"]
[BlackElo "1570"]
[PlyCount "102"]
[EventDate "2020.06.09"]
[WhiteTeam "Rugeley"]
[BlackTeam "Bolton & Worsley"]

1. d4 d5 2. Bf4 Bf5 3. e3 e6 4. Bd3 Bg6 5. c4 c6 6. Nf3 Bd6 7. Bxd6 Qxd6 8. c5
Qe7 9. Nc3 Nf6 10. Ne5 Bxd3 11. Qxd3 Nbd7 12. Nxd7 Nxd7 13. b4 e5 14. O-O O-O
15. b5 f5 16. bxc6 bxc6 17. Qa6 Nb8 18. Qd3 a5 19. Rab1 Na6 20. a3 e4 21. Qe2
Nc7 22. Rb7 Qd8 23. Rfb1 Qc8 24. Qd1 Nb5 25. R7xb5 cxb5 26. Rxb5 Qd7 27. Qb3
Rfd8 28. Rb7 Qc6 29. Rb6 Qd7 30. Rd6 Qf7 31. Qxd5 Qxd5 32. Nxd5 Rxd6 33. Ne7+
Kf7 34. cxd6 Ke6 35. f3 exf3 36. gxf3 g6 37. Nc6 Kxd6 38. Ne5 Kd5 39. Kf2 Rb8
40. Nf7 Kc4 41. Ng5 Rb7 42. Ne6 Rb2+ 43. Kg3 Kb3 44. Nc5+ Kxa3 45. d5 Rd2 46.
e4 Kb4 47. Ne6 a4 48. exf5 gxf5 49. Nf4 a3 50. d6 Rxd6 51. Ne2 a2 0-1

[Event "4NCL Online Division 5"]
[Site "online"]
[Date "2020.06.09"]
[Round "10.61"]
[White "Fruchtenicht, Eggert"]
[Black "Morrell, Sean"]
[Result "0-1"]
[WhiteElo "1832"]
[BlackElo "1607"]
[PlyCount "52"]
[EventDate "2020.06.09"]
[WhiteTeam "Maryport Assassins B"]
[BlackTeam "Watford Juniors A"]

1. e4 e6 2. d4 d5 3. e5 c5 4. c3 Nc6 5. Nf3 Qb6 6. Be2 cxd4 7. cxd4 Nh6 8. Na3
Bxa3 9. bxa3 Nf5 10. Be3 Nxe3 11. fxe3 Qa5+ 12. Qd2 Qxa3 13. O-O O-O 14. h3 Bd7
15. Nh2 Rac8 16. Rf3 Nb4 17. Bd1 Qc3 18. Qxc3 Rxc3 19. Bb3 a5 20. Rb1 Rfc8 21.
Kf2 Bb5 22. Kg3 Bd3 23. Re1 Be4 24. Rf2 Nd3 25. Ree2 Nxf2 26. Rxf2 Rxe3+ 0-1

[Event "4NCL Online Division 5"]
[Site "online"]
[Date "2020.06.09"]
[Round "10.62"]
[White "Dasgupta, Avyukt"]
[Black "Millar, Greg F"]
[Result "0-1"]
[WhiteElo "1637"]
[BlackElo "1727"]
[PlyCount "112"]
[EventDate "2020.06.09"]
[WhiteTeam "Watford Juniors A"]
[BlackTeam "Maryport Assassins B"]

1. e4 c6 2. Nf3 d5 3. exd5 cxd5 4. Ne5 Nc6 5. d4 Nf6 6. c3 e6 7. Bd3 Be7 8. Nd2
Nxe5 9. dxe5 Nd7 10. f4 Nc5 11. Bc2 b6 12. b4 Nd7 13. Nf3 Qc7 14. Bb2 Ba6 15.
Nd4 O-O 16. a4 Bc4 17. Qf3 a5 18. Ba3 Rfc8 19. Rc1 axb4 20. cxb4 Nxe5 21. Qh3
Ng6 22. g3 Bf6 23. Nf3 b5 24. Bxg6 hxg6 25. Nd2 Rxa4 26. Nxc4 dxc4 27. O-O Rxa3
28. Rfd1 Qb6+ 29. Kh1 Rd8 30. Re1 Ra2 31. Re4 Rdd2 32. Rf1 Rxh2+ 33. Qxh2 Rxh2+
34. Kxh2 c3 35. Re2 Qd4 36. Rc2 Qxb4 37. Rff2 Qc4 38. f5 gxf5 39. Rf4 Qc5 40.
Kh3 b4 41. g4 b3 42. Rcf2 b2 43. R4f3 fxg4+ 44. Kxg4 c2 45. Rxf6 gxf6 46. Rxf6
Qf5+ 47. Rxf5 exf5+ 48. Kxf5 c1=Q 49. Kf6 b1=Q 50. Ke7 Qe4+ 51. Kd8 Qd2+ 52.
Kc8 Qec2+ 53. Kb7 Qb4+ 54. Ka8 f6 55. Ka7 f5 56. Ka8 Qca4# 0-1

[Event "4NCL Online Division 5"]
[Site "online"]
[Date "2020.06.09"]
[Round "10.63"]
[White "Stone, Ian C"]
[Black "Nagda, Maanav"]
[Result "1-0"]
[WhiteElo "1675"]
[BlackElo "1592"]
[PlyCount "113"]
[EventDate "2020.06.09"]
[WhiteTeam "Maryport Assassins B"]
[BlackTeam "Watford Juniors A"]

1. e4 e6 2. d4 d5 3. Nd2 c5 4. c3 Nc6 5. Ngf3 Nf6 6. e5 Nd7 7. a3 cxd4 8. cxd4
a6 9. Bd3 Be7 10. O-O O-O 11. Qc2 h6 12. b4 Re8 13. Nb3 Nf8 14. Bd2 Bd7 15. Nc5
Qc8 16. Rac1 Bxc5 17. Qxc5 Qd8 18. Qc2 Rc8 19. Qb1 Qe7 20. Rc5 Red8 21. Rfc1
Qe8 22. b5 axb5 23. Bxb5 Ne7 24. Ba5 Rxc5 25. Rxc5 Ra8 26. Bxd7 Qxd7 27. Rb5
Ra7 28. a4 Nc6 29. Bd2 Nh7 30. h3 Nf8 31. a5 Ng6 32. Rb6 Nge7 33. a6 bxa6 34.
Qc2 Rc7 35. Rxa6 Nxd4 36. Ra8+ Nc8 37. Qd3 Nxf3+ 38. gxf3 Ra7 39. Rb8 Qc7 40.
Qb3 Kh7 41. Qb1+ Kg8 42. Qb5 Kh7 43. Qb1+ Kg8 44. Be3 Ra5 45. Qb4 Ra1+ 46. Kg2
Ra5 47. Rxc8+ Qxc8 48. Qxa5 Qb8 49. Qc3 Qb7 50. Qd4 Qc6 51. Qg4 g6 52. Bxh6 Qd7
53. Qd4 Qe7 54. h4 Qxh4 55. Qxh4 d4 56. Qf6 d3 57. Qg7# 1-0

[Event "4NCL Online Division 5"]
[Site "online"]
[Date "2020.06.09"]
[Round "10.64"]
[White "Holland, Gabriella"]
[Black "Bowler, Tim"]
[Result "0-1"]
[WhiteElo "1375"]
[BlackElo "1577"]
[PlyCount "86"]
[EventDate "2020.06.09"]
[WhiteTeam "Watford Juniors A"]
[BlackTeam "Maryport Assassins B"]

1. e4 d5 2. exd5 Nf6 3. Nc3 Nxd5 4. Nxd5 Qxd5 5. Nf3 Bg4 6. Be2 Nc6 7. h3 Bh5
8. d4 O-O-O 9. O-O h6 10. Ne5 Bxe2 11. Qxe2 Nxd4 12. Qg4+ f5 13. Qd1 Qxe5 14.
Be3 e6 15. Re1 Bc5 16. c3 Nc6 17. Qf3 Bxe3 18. Rxe3 Qf6 19. Rae1 e5 20. b4 e4
21. Qe2 Ne5 22. Qb5 Rd3 23. f3 Rxe3 24. Rxe3 Qg5 25. Re2 Nxf3+ 26. Kf2 Nh4 27.
g3 Nf3 28. Qc5 Kb8 29. a4 Rd8 30. a5 f4 31. Qxg5 Nxg5 32. gxf4 Nxh3+ 33. Kg3
Rd3+ 34. Kg4 Rxc3 35. Kf5 e3 36. Kg6 Nxf4+ 37. Kxg7 Nxe2 38. Kxh6 Nd4 39. Kg5
e2 40. Kf4 e1=Q 41. Kg5 Rf3 42. Kg4 Qg1+ 43. Kh5 Rh3# 0-1

[Event "4NCL Online Division 5"]
[Site "online"]
[Date "2020.06.09"]
[Round "10.71"]
[White "Moore, Eoin"]
[Black "Wong, Tristan"]
[Result "0-1"]
[WhiteElo "1558"]
[BlackElo "1622"]
[PlyCount "60"]
[EventDate "2020.06.09"]
[WhiteTeam "Kent KJCA Kestrels D"]
[BlackTeam "Warwickshire Bears C"]

1. d4 Nf6 2. c4 d6 3. Nc3 Nc6 4. e4 g6 5. d5 Nb8 6. Nge2 Bg7 7. Ng3 O-O 8. Be2
c6 9. f4 cxd5 10. cxd5 Nbd7 11. O-O Nc5 12. b4 Ncxe4 13. Ncxe4 Nxe4 14. Rb1
Qb6+ 15. Kh1 Nf2+ 16. Rxf2 Qxf2 17. Qb3 Qe1+ 18. Bf1 Bf5 19. Bb2 Qxb1 20. Bxg7
Qxb3 21. axb3 Kxg7 22. Bc4 b5 23. Bxb5 Rab8 24. Nxf5+ gxf5 25. Bd7 Rxb4 26.
Bxf5 Rxf4 27. Bd3 Rb8 28. g3 Rd4 29. Bc4 Rxc4 30. bxc4 a5 0-1

[Event "4NCL Online Division 5"]
[Site "online"]
[Date "2020.06.09"]
[Round "10.72"]
[White "Kukreja, Karan"]
[Black "Dorman, Orla"]
[Result "0-1"]
[WhiteElo "1405"]
[BlackElo "1464"]
[PlyCount "38"]
[EventDate "2020.06.09"]
[WhiteTeam "Warwickshire Bears C"]
[BlackTeam "Kent KJCA Kestrels D"]

1. e4 e6 2. d4 d5 3. Nd2 Be7 4. exd5 exd5 5. Bd3 Nf6 6. Ndf3 Bg4 7. h3 Bh5 8.
Bf4 c6 9. Qd2 Nbd7 10. O-O-O Bg6 11. Bxg6 hxg6 12. Ne5 Nxe5 13. dxe5 Ne4 14.
Qe2 Bc5 15. Bg3 Qb6 16. Rf1 Qa5 17. a3 Bxa3 18. bxa3 Qxa3+ 19. Kb1 Nc3# 0-1

[Event "4NCL Online Division 5"]
[Site "online"]
[Date "2020.06.09"]
[Round "10.73"]
[White "Brightley-Davies, Ciaran"]
[Black "Agrawal, Ansh"]
[Result "0-1"]
[WhiteElo "1454"]
[BlackElo "1472"]
[PlyCount "62"]
[EventDate "2020.06.09"]
[WhiteTeam "Kent KJCA Kestrels D"]
[BlackTeam "Warwickshire Bears C"]

1. e4 e5 2. Nf3 Nc6 3. d4 exd4 4. Nxd4 Nxd4 5. Qxd4 d6 6. Bc4 Nf6 7. Bg5 Be7 8.
O-O O-O 9. f4 h6 10. Bh4 a6 11. a4 Bd7 12. Nc3 Bc6 13. e5 dxe5 14. Qxd8 Rfxd8
15. fxe5 Rd2 16. exf6 Rxg2+ 17. Kh1 Bd6 18. Nd5 Rxh2+ 19. Kg1 Rxh4 20. Ne3 Bc5
21. Rae1 Re8 22. Kf2 Rxc4 23. Rg1 Rxc2+ 24. Kf1 Bxe3 25. Rxg7+ Kf8 26. b3 Rf2+
27. Kg1 Rxf6+ 28. Kh2 Kxg7 29. Re2 Bf4+ 30. Kg1 Rxe2 31. b4 Be3# 0-1

[Event "4NCL Online Division 5"]
[Site "online"]
[Date "2020.06.09"]
[Round "10.74"]
[White "Amir, Zain"]
[Black "Chaban, Roxolana"]
[Result "1/2-1/2"]
[WhiteElo "1390"]
[BlackElo "1462"]
[PlyCount "118"]
[EventDate "2020.06.09"]
[WhiteTeam "Warwickshire Bears C"]
[BlackTeam "Kent KJCA Kestrels D"]

1. c4 c5 2. Nc3 g6 3. g3 Bg7 4. Bg2 e6 5. e3 Ne7 6. Nge2 d5 7. cxd5 Nxd5 8. O-O
O-O 9. Nxd5 exd5 10. Nf4 d4 11. Qb3 Nc6 12. Rd1 Qd7 13. d3 b6 14. e4 Bb7 15.
Nd5 Ne7 16. Nxe7+ Qxe7 17. Bf4 Rfe8 18. Qc2 Rad8 19. Qd2 Bc8 20. Re1 Be6 21. a3
Qd7 22. Rac1 Bh3 23. Bh6 Bxg2 24. Kxg2 Qa4 25. Bxg7 Kxg7 26. Qc2 Qxc2 27. Rxc2
f5 28. Rce2 fxe4 29. Rxe4 Rxe4 30. Rxe4 Kf6 31. f3 b5 32. Kf2 c4 33. dxc4 bxc4
34. Ke2 d3+ 35. Kd2 Rc8 36. Rf4+ Kg7 37. Re4 Kf6 38. Rf4+ Ke6 39. Re4+ Kd6 40.
Rd4+ Ke7 41. Re4+ Kf7 42. Rf4+ Kg7 43. Re4 Rc7 44. h4 Kf6 45. Rf4+ Ke5 46. Re4+
Kd5 47. g4 h6 48. Kc3 Rc6 49. Rd4+ Ke5 50. Re4+ Kd6 51. Rd4+ Kc7 52. f4 Kb6 53.
f5 gxf5 54. gxf5 Kb5 55. Rf4 Rd6 56. Rf2 Rf6 57. Rf4 Rd6 58. Rf2 Rf6 59. Rf4
Rd6 1/2-1/2

[Event "4NCL Online Division 5"]
[Site "online"]
[Date "2020.06.09"]
[Round "10.81"]
[White "Jackson, Edward"]
[Black "Jina, Asha"]
[Result "1/2-1/2"]
[WhiteElo "1712"]
[BlackElo "1600"]
[PlyCount "68"]
[EventDate "2020.06.09"]
[WhiteTeam "Manchester Juniors B"]
[BlackTeam "Bristol University B"]

1. e4 e6 2. d4 d5 3. Nd2 Nf6 4. e5 Nfd7 5. Bd3 c5 6. c3 Nc6 7. Ne2 Qb6 8. Nf3
Be7 9. O-O O-O 10. Ng3 f6 11. exf6 Nxf6 12. Re1 Kh8 13. h3 cxd4 14. cxd4 Nxd4
15. Nxd4 Qxd4 16. Qe2 Qb6 17. Be3 Bc5 18. Bxc5 Qxc5 19. Rac1 Qb6 20. Bb1 Bd7
21. Rc3 Rae8 22. Rec1 Rc8 23. Rxc8 Rxc8 24. Rxc8+ Bxc8 25. Nh5 Qc7 26. Qd3 Qc1+
27. Kh2 Qh6 28. Nxf6 gxf6 29. Qc2 Bd7 30. Qc7 Bc6 31. Qd8+ Kg7 32. Qe7+ Kh8 33.
Qd8+ Kg7 34. Qe7+ Kh8 1/2-1/2

[Event "4NCL Online Division 5"]
[Site "online"]
[Date "2020.06.09"]
[Round "10.82"]
[White "Baugh, Michael"]
[Black "Jayawarna, Tarini"]
[Result "0-1"]
[WhiteElo "1495"]
[BlackElo "1520"]
[PlyCount "62"]
[EventDate "2020.06.09"]
[WhiteTeam "Bristol University B"]
[BlackTeam "Manchester Juniors B"]

1. d4 Nf6 2. c4 g6 3. Nc3 Bg7 4. e4 d6 5. Nf3 O-O 6. Be2 c5 7. d5 e5 8. O-O Nh5
9. Bg5 Qd7 10. h3 f5 11. exf5 gxf5 12. Nxe5 Bxe5 13. Bxh5 Qg7 14. Bd2 f4 15.
Qf3 Kh8 16. Bg4 Nd7 17. Rae1 Nf6 18. Bxc8 Raxc8 19. b3 Rg8 20. Ne4 Rc7 21. Bc3
Nxe4 22. Bxe5 dxe5 23. Rxe4 Qg5 24. Kh1 Rcg7 25. Rg1 Qf5 26. Kh2 Rg6 27. Kh1
Rh6 28. Kh2 Rg5 29. Kh1 Rg3 30. fxg3 Rxh3+ 31. gxh3 Qxh3# 0-1

[Event "4NCL Online Division 5"]
[Site "online"]
[Date "2020.06.09"]
[Round "10.83"]
[White "Fairclough, William"]
[Black "Skalski, Sebastian"]
[Result "0-1"]
[WhiteElo "1412"]
[BlackElo "1450"]
[PlyCount "124"]
[EventDate "2020.06.09"]
[WhiteTeam "Manchester Juniors B"]
[BlackTeam "Bristol University B"]

1. e4 e6 2. Nc3 d5 3. exd5 exd5 4. d4 Nf6 5. Bg5 Be7 6. Nf3 Bg4 7. Be2 O-O 8.
O-O Nbd7 9. Ne5 Bxe2 10. Qxe2 c6 11. Rfe1 Re8 12. Nxd7 Qxd7 13. Qd3 h6 14. Bh4
Qg4 15. Bg3 Bb4 16. h3 Qd7 17. a3 Ba5 18. b4 Bc7 19. Bxc7 Qxc7 20. b5 Rac8 21.
bxc6 Qxc6 22. Rxe8+ Rxe8 23. Nb1 Ne4 24. Nd2 Rc8 25. Rc1 Nxd2 26. Qxd2 Qc3 27.
Qe3 Qxe3 28. fxe3 Rc3 29. Kf2 Rxa3 30. c4 dxc4 31. Rxc4 b5 32. Rc8+ Kh7 33. d5
Rd3 34. Rc5 b4 35. Rb5 b3 36. d6 Rxd6 37. Rxb3 Ra6 38. Kf3 Ra1 39. Rb7 a5 40.
Ra7 a4 41. Ke4 f6 42. Kd3 a3 43. Kc2 a2 44. Kb3 Kg6 45. g4 Re1 46. Kxa2 Rxe3
47. h4 Re4 48. h5+ Kh7 49. Kb2 Rxg4 50. Ra5 Rg5 51. Rxg5 hxg5 52. Kc3 Kh6 53.
Kd3 Kxh5 54. Ke3 Kh4 55. Kf3 Kh3 56. Kf2 g4 57. Kg1 Kg3 58. Kh1 Kf2 59. Kh2 g3+
60. Kh1 g2+ 61. Kh2 g1=Q+ 62. Kh3 Qg3# 0-1

[Event "4NCL Online Division 5"]
[Site "online"]
[Date "2020.06.09"]
[Round "10.84"]
[White "Tsoukis, Marios"]
[Black "Jayawarna, Thisumi"]
[Result "0-1"]
[WhiteElo "1120"]
[BlackElo "1316"]
[PlyCount "56"]
[EventDate "2020.06.09"]
[WhiteTeam "Bristol University B"]
[BlackTeam "Manchester Juniors B"]

1. e4 d5 2. exd5 Qxd5 3. Nc3 Qa5 4. Nf3 Nf6 5. Bc4 c6 6. d3 Bf5 7. O-O e6 8.
Bd2 Nbd7 9. Ne4 Qc7 10. h3 Nxe4 11. dxe4 Bxe4 12. Re1 Bf5 13. Nh4 Bg6 14. Nxg6
hxg6 15. Bg5 Nb6 16. Bd3 Be7 17. Be3 O-O-O 18. Qe2 Kb8 19. a4 Nd5 20. a5 Bb4
21. c3 Bxa5 22. b4 Bb6 23. Bxb6 Qxb6 24. Qc2 Nf4 25. Be2 Rd5 26. Ra2 Rg5 27.
Kf1 Rxg2 28. Rea1 Qxf2# 0-1

[Event "4NCL Online Division 5"]
[Site "online"]
[Date "2020.06.09"]
[Round "10.91"]
[White "Shearsby, Jude"]
[Black "Krawczuk, Michael J"]
[Result "1/2-1/2"]
[WhiteElo "1847"]
[BlackElo "1828"]
[PlyCount "83"]
[EventDate "2020.06.09"]
[WhiteTeam "Warwickshire Bears B"]
[BlackTeam "Wessex Some Stars C"]

1. d4 e6 2. Bf4 Nf6 3. e3 b6 4. Nf3 Bb7 5. Nbd2 h6 6. Bd3 d5 7. Ne5 Nbd7 8. c3
Nxe5 9. Bxe5 Be7 10. O-O O-O 11. Re1 c5 12. Nf3 Ne4 13. Nd2 Nf6 14. Nf3 Ne4 15.
Bb1 f5 16. Nd2 Qe8 17. Nxe4 dxe4 18. a4 Bd5 19. Bc2 c4 20. b3 Rc8 21. b4 a6 22.
Qe2 Qc6 23. Qh5 Qe8 24. Qh3 Qg6 25. Bd1 Bf6 26. Bh5 Qh7 27. Qg3 g5 28. Bxf6
Rxf6 29. Qd6 Qc7 30. Qg3 Kh7 31. Qxc7+ Rxc7 32. f3 Kg7 33. fxe4 Bxe4 34. Bf3
Bd3 35. a5 b5 36. e4 g4 37. e5 Rf8 38. Be2 Be4 39. Kf2 Bd5 40. g3 h5 41. h3 Kg6
42. h4 1/2-1/2

[Event "4NCL Online Division 5"]
[Site "online"]
[Date "2020.06.09"]
[Round "10.92"]
[White "Chilton, James I"]
[Black "Monga, Kanav"]
[Result "1-0"]
[WhiteElo "1725"]
[BlackElo "1682"]
[PlyCount "57"]
[EventDate "2020.06.09"]
[WhiteTeam "Wessex Some Stars C"]
[BlackTeam "Warwickshire Bears B"]

1. d4 d5 2. c4 e6 3. Nc3 Nf6 4. Bf4 c6 5. e3 Nbd7 6. Nf3 Bb4 7. Qc2 Bxc3+ 8.
Qxc3 O-O 9. Bd3 b6 10. O-O Bb7 11. Bd6 Re8 12. c5 bxc5 13. dxc5 a5 14. Rfc1 Ba6
15. Bc2 Ng4 16. h3 Nh6 17. e4 f6 18. exd5 exd5 19. Nd4 Bb7 20. Re1 Ne5 21. f4
Nc4 22. Rxe8+ Qxe8 23. Re1 Qd8 24. Ne6 Qc8 25. Nc7 Nxd6 26. cxd6 Qd7 27. Nxa8
Bxa8 28. Qxa5 Bb7 29. Re7 1-0

[Event "4NCL Online Division 5"]
[Site "online"]
[Date "2020.06.09"]
[Round "10.93"]
[White "Dicen, Elis Denele"]
[Black "Pankaj Tomar"]
[Result "0-1"]
[WhiteElo "1697"]
[BlackElo "1525"]
[PlyCount "112"]
[EventDate "2020.06.09"]
[WhiteTeam "Warwickshire Bears B"]
[BlackTeam "Wessex Some Stars C"]

1. e4 e6 2. d4 d5 3. exd5 exd5 4. Nf3 Nf6 5. Bd3 Be7 6. O-O O-O 7. c3 c5 8.
dxc5 Bxc5 9. Bg5 h6 10. Bh4 g5 11. Bg3 Ne4 12. Nbd2 f5 13. Bxb8 Rxb8 14. Nd4
Kg7 15. N2b3 Bb6 16. f3 Nd6 17. Kh1 Nc4 18. Qe2 Re8 19. Qf2 Ne3 20. Rfe1 f4 21.
Bc2 Bd7 22. Qd2 Qf6 23. Qd3 Rh8 24. a4 a5 25. Re2 Rbe8 26. Rae1 Bxa4 27. g4
Bxb3 28. Bxb3 Bxd4 29. Qxd4 Qxd4 30. cxd4 Rc8 31. Kg1 Rc7 32. Kf2 b5 33. Ba2
Rhc8 34. h3 a4 35. Bb1 Rc1 36. Bd3 b4 37. Bb5 Rxe1 38. Rxe1 Rc2+ 39. Kg1 Rxb2
40. Bxa4 b3 41. Bb5 Rg2+ 42. Kh1 b2 43. Bd3 Rd2 44. Bb1 Rxd4 45. Kg1 Kf6 46.
Kf2 Rd2+ 47. Kg1 Ke5 48. Bh7 Kd4 49. Bb1 Rd1 50. Kf2 Rxe1 51. Kxe1 Kc3 52. Ke2
d4 53. Ke1 d3 54. Bxd3 Kxd3 55. Kf2 b1=Q 56. h4 Qf1# 0-1

[Event "4NCL Online Division 5"]
[Site "online"]
[Date "2020.06.09"]
[Round "10.94"]
[White "Cuthbert, Larissa"]
[Black "Fellowes, Billy"]
[Result "0-1"]
[WhiteElo "1010"]
[BlackElo "1555"]
[PlyCount "62"]
[EventDate "2020.06.09"]
[WhiteTeam "Wessex Some Stars C"]
[BlackTeam "Warwickshire Bears B"]

1. e4 Nc6 2. d4 d5 3. e5 Bf5 4. h4 h6 5. Nf3 e6 6. Bd3 Nge7 7. Bxf5 Nxf5 8. g4
Nfe7 9. g5 hxg5 10. Bxg5 Qd7 11. Nc3 Nf5 12. Qd2 Be7 13. O-O-O O-O-O 14. Qf4
Na5 15. Bxe7 Qxe7 16. Rh3 Nc4 17. Nd2 Nxd2 18. Qxd2 Rxh4 19. Rxh4 Qxh4 20. Na4
Rh8 21. b4 Qh3 22. Kb2 Qf3 23. Nc5 Rh3 24. c3 Rh2 25. Nd3 Ng3 26. Qg5 Qxd1 27.
Qxg3 Rh1 28. Ka3 Qc2 29. Nc5 Ra1 30. b5 Qxa2+ 31. Kb4 Qa3# 0-1

[Event "4NCL Online Division 5"]
[Site "online"]
[Date "2020.06.09"]
[Round "10.101"]
[White "Shah, Kian"]
[Black "Pike, Andrew"]
[Result "0-1"]
[WhiteElo "1735"]
[BlackElo "1660"]
[PlyCount "55"]
[EventDate "2020.06.09"]
[WhiteTeam "Chess Warriors"]
[BlackTeam "Wigston 2"]

1. e4 c5 2. Nf3 d6 3. d4 cxd4 4. Nxd4 Nf6 5. Nc3 a6 6. Be3 g6 7. Be2 Bg7 8. O-O
O-O 9. f4 Nbd7 10. f5 Ne5 11. Qd2 Bd7 12. h3 Rc8 13. g4 Nc4 14. Bxc4 Rxc4 15.
g5 Nh5 16. Qd3 Bb5 17. Ndxb5 axb5 18. Nxb5 Rb4 19. Rab1 Ng3 20. Rf3 Nxe4 21. a3
Ra4 22. b3 Ra5 23. b4 Rxb5 24. Qxb5 Nc3 25. Qb6 Qxb6 26. Bxb6 Nxb1 27. Bc7 gxf5
28. Rxf5 0-1

[Event "4NCL Online Division 5"]
[Site "online"]
[Date "2020.06.09"]
[Round "10.102"]
[White "Raine, Benjamin"]
[Black "Gurjar, Roshan"]
[Result "0-1"]
[WhiteElo "1615"]
[BlackElo "1712"]
[PlyCount "58"]
[EventDate "2020.06.09"]
[WhiteTeam "Wigston 2"]
[BlackTeam "Chess Warriors"]

1. e4 c5 2. Nf3 d6 3. Nc3 Nf6 4. h3 g6 5. Bc4 Bg7 6. O-O O-O 7. d3 Nc6 8. Be3
Bd7 9. Qd2 Re8 10. Bh6 Bh8 11. Rad1 Rc8 12. Ng5 e6 13. Nf3 Qb6 14. Nb5 d5 15.
Nd6 dxc4 16. Nxe8 Rxe8 17. b3 cxd3 18. Qxd3 Qc7 19. Rfe1 Nb4 20. Qd2 Bc6 21. a3
Na6 22. Qd3 b5 23. Qe2 Nxe4 24. Qd3 Nc3 25. Rd2 Nd5 26. Rde2 Nc3 27. Rd2 Nd5
28. Rde2 Rd8 29. Ne5 Nf4 0-1

[Event "4NCL Online Division 5"]
[Site "online"]
[Date "2020.06.09"]
[Round "10.103"]
[White "Vyas, Alisha"]
[Black "Vaughan, Ben W"]
[Result "1/2-1/2"]
[WhiteElo "1675"]
[BlackElo "1615"]
[PlyCount "96"]
[EventDate "2020.06.09"]
[WhiteTeam "Chess Warriors"]
[BlackTeam "Wigston 2"]

1. e4 e6 2. d4 d5 3. Nd2 Nf6 4. Bd3 c5 5. c3 Nc6 6. e5 Nd7 7. Ne2 cxd4 8. cxd4
Be7 9. O-O O-O 10. Nf3 f6 11. Nf4 Ndxe5 12. dxe5 fxe5 13. Nxe5 Nxe5 14. Bxh7+
Kxh7 15. Qh5+ Kg8 16. Qxe5 Bd6 17. Qd4 Qc7 18. g3 Qc5 19. Qxc5 Bxc5 20. Re1 Bd7
21. Nd3 Bb6 22. Be3 d4 23. Bf4 Rae8 24. Rad1 Bb5 25. h3 Rf5 26. Be5 Bxd3 27.
Rxd3 Rd8 28. f4 g5 29. Red1 gxf4 30. gxf4 Rh5 31. Kh2 Rxe5 32. fxe5 Bc7 33.
Rg1+ Kf7 34. Rf3+ Ke8 35. Rg8+ Kd7 36. Rxd8+ Kxd8 37. h4 Bxe5+ 38. Kh3 Ke7 39.
h5 Bg7 40. Kg4 e5 41. Rb3 b6 42. Ra3 a5 43. Rb3 e4 44. Rxb6 d3 45. Rb7+ Ke6 46.
Rb6+ Ke7 47. Rb5 Ke6 48. Rb6+ Ke7 1/2-1/2